000 00795nam a22002177a 4500
003 0
005 20250129102737.0
008 150923b xxu||||| |||| 00| 0 eng d
050 _aPGS LB 1044.87
_b.H866 2015
100 _aHowsare, Brandon Ryan D.
245 _aInternet usage and communication skills /
_cBrandon Ryan D. Howsare.
260 _aLas PiƱas City, Philippines :
_bSouthville International School and Colleges,
_c2015.
300 _a24 p. :
_bill. ;
_c28 cm.
_fPASS
504 _aIncludes bibliographical references.
650 _aInternet and children.
650 _aInternet in education.
650 _aCommunication skills in children.
650 _aTechnology and communication.
650 _aLanguage and languages
_vStudy and teaching (Elementary).
942 _2lcc
_cPASS
999 _c288714
_d288714